000 00450nam a2200157Ia 4500
008 241127s9999||||xx |||||||||||||| ||und||
020 _a9781403904188
_c99.999.9
040 _beng
_cSSK Library
_erda
082 _a808.066/MAR
100 _a Sky Marsen -
245 0 _aProfessional Writing:The Complete Guide For Business, Industry And It
260 _b Palgrave Macmillan
_c©2003
942 _22ddc
_cBOOK
_nNo
999 _c10109
_d10109
003 OSt
005 20241127152823.0